Ekonomické a výrobné výsledky potravinárskeho priemyslu v roku 2001
Potravinársky priemysel SR v roku 2001 po dlhšej dobe stratového hospodárenia vykázal zisk. Potravinová výroba nezaznamenala výraznejšie zvýšenie.
Salvato in:
| Autore principale: | |
|---|---|
| Natura: | Capitolo di libro |
| Lingua: | slovacco |
| Soggetti: | |
| Tags: |
Nessun Tag, puoi essere il primo ad aggiungerne!!
|
MARC
| LEADER | 00000naa a2200000 4500 | ||
|---|---|---|---|
| 001 | r049365 | ||
| 005 | 20231004074700.8 | ||
| 041 | 0 | |a slo | |
| 044 | |a SK | ||
| 245 | 1 | 0 | |a Ekonomické a výrobné výsledky potravinárskeho priemyslu v roku 2001 |c Svetlana Belešová |
| 520 | |a Potravinársky priemysel SR v roku 2001 po dlhšej dobe stratového hospodárenia vykázal zisk. Potravinová výroba nezaznamenala výraznejšie zvýšenie. | ||
| 610 | 2 | 0 | |a potravinárstvo |
| 610 | 2 | 0 | |a Slovensko |
| 610 | 2 | 0 | |a zisk |
| 610 | 2 | 0 | |a výnosy |
| 610 | 2 | 0 | |a náklady |
| 610 | 2 | 0 | |a výroba |
| 610 | 2 | 0 | |a 2001 |
| 100 | 1 | |a Belešová, Svetlana | |